UM Logo

Strengthening the connection between differentiated instruction strategies and teaching personal and social responsibility : (Record no. 22394)

MARC details
000 -LEADER
fixed length control field 01153nam a22002537a 4500
003 - CONTROL NUMBER IDENTIFIER
control field OSt
005 - DATE AND TIME OF LATEST TRANSACTION
control field 20250819163249.0
008 - FIXED-LENGTH DATA ELEMENTS--GENERAL INFORMATION
fixed length control field 241009b |||||||| |||| 00| 0 eng d
040 ## - CATALOGING SOURCE
Transcribing agency 0
082 ## - DEWEY DECIMAL CLASSIFICATION NUMBER
Classification number DPer 613.705 J826 January-December 2020 v. 91 n. 1-9
100 ## - MAIN ENTRY--PERSONAL NAME
Personal name Melo, Marta.
Relator term author.
9 (RLIN) 62623
245 ## - TITLE STATEMENT
Title Strengthening the connection between differentiated instruction strategies and teaching personal and social responsibility :
Remainder of title challenges, strategies, and future pathways /
Statement of responsibility, etc. Marta Melo, Fernando Santos, Paul M. Wright, Cesar Sa, and Linda Saraiva.
260 ## - PUBLICATION, DISTRIBUTION, ETC. (IMPRINT)
Place of publication, distribution, etc. Virginia ;
Name of publisher, distributor, etc. American Alliance for Health ,
Date of publication, distribution, etc. May/June 2020.
300 ## - PHYSICAL DESCRIPTION
Extent Volume 91, pages 28-36 :
Other physical details illustration ;
Dimensions 28 cm.
500 ## - GENERAL NOTE
General note The Journal of Physical Education Recreation & Dance, vol. 91, no. 5, pages 28-36, May/June 2020.
650 #0 - SUBJECT ADDED ENTRY--TOPICAL TERM
Topical term or geographic name as entry element Teaching strategies.
9 (RLIN) 6067
650 #0 - SUBJECT ADDED ENTRY--TOPICAL TERM
Topical term or geographic name as entry element Physical education.
9 (RLIN) 50439
700 ## - ADDED ENTRY--PERSONAL NAME
Personal name Melo, Marta.
Relator term author.
9 (RLIN) 62623
700 ## - ADDED ENTRY--PERSONAL NAME
Personal name Santos, Fernando.
Relator term author.
9 (RLIN) 66951
700 ## - ADDED ENTRY--PERSONAL NAME
Personal name Wright, Paul M.
Relator term author.
9 (RLIN) 59779
700 ## - ADDED ENTRY--PERSONAL NAME
Personal name Sa, Cesar.
Relator term author.
9 (RLIN) 66952
700 ## - ADDED ENTRY--PERSONAL NAME
Personal name Saraiva, Linda.
Relator term author.
9 (RLIN) 66953
942 ## - ADDED ENTRY ELEMENTS (KOHA)
Source of classification or shelving scheme Dewey Decimal Classification
Koha item type Periodicals
Holdings
Withdrawn status Lost status Source of classification or shelving scheme Damaged status Not for loan Collection code Home library Current library Date acquired Total Checkouts Full call number Date last seen Price effective from Koha item type Public note
    Dewey Decimal Classification     Periodicals UM Digos College - LIC UM Digos College - LIC 10/09/2024   DPer 613.705 J826 January-December 2020 v. 91 n. 1-9 10/09/2024 10/09/2024 Periodicals Periodical Article